Pierson and Fairchild's principles & techniques of patient care / (Record no. 2611)
[ view plain ]
| 000 -LEADER | |
|---|---|
| fixed length control field | 01353cam a2200325 i 4500 |
| 008 - FIXED-LENGTH DATA ELEMENTS--GENERAL INFORMATION | |
| fixed length control field | 171201s2018 moua b 001 0 eng c |
| 020 ## - INTERNATIONAL STANDARD BOOK NUMBER | |
| ISBN | 9780323445849 |
| 020 ## - INTERNATIONAL STANDARD BOOK NUMBER | |
| ISBN | 0323445845 |
| 100 1# - MAIN ENTRY--AUTHOR | |
| Author | Fairchild, Sheryl L., |
| 245 10 - TITLE STATEMENT | |
| Title | Pierson and Fairchild's principles & techniques of patient care / |
| Statement of responsibility, etc | Sheryl L. Fairchild, PT, Retired Director of Rehabilitation/Wellness, Memorial Hermann Northeast Hospital, Humble, Texas ; [associate editors] Roberta Kuchler O'Shea, PT, DPT, PhD, Professor, Physical Therapy, Governors State University, University Park, Illinois, Robin D. Washington, PT, PhD, CRC, Associate Professsor, Physical Therapy, Governors State University, University Park, Illinois. |
| 250 ## - EDITION STATEMENT | |
| Edition statement | Sixth edition. |
| 260 ## - PUBLICATION, DISTRIBUTION, ETC. (IMPRINT) | |
| Place of publication | Missouri |
| Name of publisher | Elsevier Ltd |
| Date of publication | 2018 |
| 300 ## - COLLATION | |
| Pagination | xiii, 407 pages : |
| Other physical details | illustrations (chiefly color) ; |
| 650 #0 - TRACINGS | |
| Main Subject | Physical therapy. |
| 650 #0 - TRACINGS | |
| Main Subject | Patients |
| Subdivision (2nd) | Care. |
| 650 #0 - TRACINGS | |
| Main Subject | Nursing. |
| 650 12 - TRACINGS | |
| Main Subject | Physical Therapy Modalities. |
| 650 22 - TRACINGS | |
| Main Subject | Dependent Ambulation. |
| 650 22 - TRACINGS | |
| Main Subject | Patient Care Planning. |
| 650 22 - TRACINGS | |
| Main Subject | Transportation of Patients. |
| 650 22 - TRACINGS | |
| Main Subject | Wheelchairs. |
| 650 #7 - TRACINGS | |
| Main Subject | Nursing. |
| 650 #7 - TRACINGS | |
| Main Subject | Patients |
| Subdivision (2nd) | Care. |
| 650 #7 - TRACINGS | |
| Main Subject | Physical therapy. |
| 700 1# - ADDITIONAL AUTHOR | |
| Additional Author | O'Shea, Roberta Kuchler, |
| 700 1# - ADDITIONAL AUTHOR | |
| Additional Author | Washington, Robin D., |
| 942 ## - ADDED ENTRY ELEMENTS (KOHA) | |
| Item type | Books |
| 050 00 - LIBRARY OF CONGRESS CALL NUMBER | |
| Classification number | RT42 |
| Item number | .P48 2018 |
| 082 00 - DEWEY DECIMAL CLASSIFICATION NUMBER | |
| Classification number | 615.8/2 |
| Source of classification or shelving scheme | Not for loan | Permanent location | Current location | Date acquired | Accession No. | Full call number | Barcode. | Koha item type |
|---|---|---|---|---|---|---|---|---|
| Library of Congress Classification | Medical Library | Medical Library | 03/24/2025 | 2024/64170 | RT42.P48 | 2025-0899 | Books |